Managers of Liverpool From 2004-present - Statistics

General Stats
  • This quiz has been taken 1,658 times
    1,572 since last reset
  • The average score is 4 of 5
Answer Stats
Years Managers % Correct
2015- present Jurgen Klopp
99%
2004-2010 Rafael Benitez
92%
2012-2015 Brendan Rodgers
91%
2011-2012 Kenny Dalglish
81%
2010-2011 Roy Hodgson
75%
No matching quizzes found
Score Distribution
Percent of People with Each Score
Percentile by Number Answered
Your Score History
You have not taken this quiz since the last reset